Challenging the current understanding around HIV and Aids : (Record no. 52398)

MARC details
000 -LEADER
fixed length control field 00603nam a2200181 4500
008 - FIXED-LENGTH DATA ELEMENTS--GENERAL INFORMATION
fixed length control field 180301b xxu||||| |||| 00| 0 eng d
020 ## - INTERNATIONAL STANDARD BOOK NUMBER
International Standard Book Number 996693684X
050 ## - LIBRARY OF CONGRESS CALL NUMBER
Classification number RA643.86
Item number .C43 2005
245 ## - TITLE STATEMENT
Title Challenging the current understanding around HIV and Aids :
Remainder of title an African christian perspective.
260 ## - PUBLICATION, DISTRIBUTION, ETC. (IMPRINT)
Place of publication, distribution, etc Nairobi :
Name of publisher, distributor, etc Starbright Services Limited,
Date of publication, distribution, etc 2005.
300 ## - PHYSICAL DESCRIPTION
Extent 154 p ;
Dimensions 24cm.
650 ## - SUBJECT ADDED ENTRY--TOPICAL TERM
Topical term or geographic name as entry element Africa.
650 ## - SUBJECT ADDED ENTRY--TOPICAL TERM
Topical term or geographic name as entry element AIDS (Disease)
General subdivision Religious aspects
-- Christianity.
650 ## - SUBJECT ADDED ENTRY--TOPICAL TERM
Topical term or geographic name as entry element AIDS (Disease).
700 ## - ADDED ENTRY--PERSONAL NAME
Personal name Aaltonen, Riita
Relator term ed.
700 ## - ADDED ENTRY--PERSONAL NAME
Personal name Kombo, James
Relator term ed.
942 ## - ADDED ENTRY ELEMENTS (KOHA)
Source of classification or shelving scheme Library of Congress Classification
Item type Book
Holdings
Withdrawn status Lost status Source of classification or shelving scheme Damaged status Not for loan Collection code Home library Current library Shelving location Date acquired Source of acquisition Cost, normal purchase price Total Checkouts Full call number Barcode Copy number Price effective from Koha item type
    Library of Congress Classification     Non-fiction Bishop Okullu Memorial Library (Limuru Campus) Bishop Okullu Memorial Library (Limuru Campus) General Circulation 01/03/2018 Donations-BTL 800.00   RA643.86 .C43 2005 058336 1 01/03/2018 Book
    Library of Congress Classification     Non-fiction Nakuru Campus Nakuru Campus General Circulation 01/03/2018 Donations-BTL 800.00   RA643.86 .C43 2005 058337 2 01/03/2018 Book